| 000 | 01037nas a2200277 4500 | ||
|---|---|---|---|
| 001 | BR8601815 | ||
| 003 | BR-BrBNA | ||
| 005 | 20231205090428.0 | ||
| 007 | ta | ||
| 008 | 230509b bl.|||p| |||| 00| 00por d | ||
| 040 |
_aBR-BrBNA _bpor _cBiblioteca Nacional de Agricultura |
||
| 041 | _a(Pt) | ||
| 072 | _aF40; F30 | ||
| 100 | 1 | _aMussolin, A.J. | |
| 100 | 1 | _aDematte, M.E.S.P. | |
| 100 | 1 | _aAndrade, V.M. de M. | |
| 245 | 1 | _aCaracterizacao de Cucurbitaceae em fase inicial de desenvolvimento, 5: comparacao morfologica de plantulas de diferentes cultivares de Cucumis sativus L. (pepino) | |
| 246 | 1 | _aSeedling characterization in Cucurbitaceae. 5. morphological comparison of plants at initial development stages for different cultivars of Cucumis sativus L. | |
| 650 | _aPEPINO | ||
| 650 | _aMORFOLOGIA VEGETAL | ||
| 650 | _aPLANTULA | ||
| 650 | _aVARIEDADE | ||
| 773 | 0 |
_tCientifica (Brazil) _xISSN 0100-0039 _g(1984), v. 12(1-2) p. 33-39 _wBR8601815 |
|
| 909 |
_a202311 _bLúcia _c55 _dLúcia Elande |
||
| 942 |
_2AGRIS _n0 _cANA |
||
| 999 |
_c118356 _d118356 |
||